College Teams by their Mascot - Statistics

General Stats
  • This quiz has been taken 51 times
    34 since last reset
  • The average score is 17 of 20
Answer Stats
Hint Answer % Correct
Fighting Illini Illinois
94%
Fighting Irish Notre Dame
94%
Sooners Oklahoma
94%
Boilermakers Purdue
94%
Buckeyes Ohio State
91%
Badgers Wisconsin
91%
Seminoles Florida State
88%
Cornhuskers Nebraska
88%
Sun Devils Arizona State
84%
Golden Gophers Minnesota
84%
Trojans USC
84%
Utes Utah
84%
Golden Bears California
81%
Bearcats Cincinnati
81%
Buffaloes Colorado
81%
Nittany Lions Penn State
81%
Demon Deacons Wake Forest
81%
Lobos New Mexico
78%
Rebels Ole Miss
75%
Owls Temple | Rice
66%
No matching quizzes found
Score Distribution
Percent of People with Each Score
Percentile by Number Answered
Your Score History
You have not taken this quiz since the last reset